LEADER 01187nam a2200313 i 4500 001 991003859019707536 005 20020509133340.0 008 010130s1999 it ||| | ita 020 $a8879460226 035 $ab11225403-39ule_inst 035 $aPARLA189898$9ExL 040 $aDip.to Scienze pedagogiche$bita 082 0 $a372.73044 100 1 $aAbbott, Robert$0540835 245 10$aNumeri fino a cento :$baddizione e sottrazione /$cRobert Abbott et al 250 $a5. rist 260 $aTrento :$bErickson,$c1999 300 $a2 t. (VIII, 118 ;$c108 p.) ;$c30 cm. 490 0 $aMateriali di recupero e sostegno 490 0 $aProgramma individualizzato di matematica ;$v1 500 $aTomo 1: volume per l'insegnante. Tomo 2: materiali per l'alunno. 500 $aTit. orig. : Mastering math. 650 4$aMatematica - Insegnamento$xScuola elementare 907 $a.b11225403$b23-02-17$c01-07-02 912 $a991003859019707536 945 $aLE022 372 ABB01.01 V. 1$g1$i2022000016636$lle022$o-$pE0.00$q-$rl$s- $t0$u1$v0$w1$x0$y.i1137987x$z01-07-02 996 $aNumeri fino a cento$9867965 997 $aUNISALENTO 998 $ale022$b01-01-01$cm$da $e-$fita$git $h0$i1 LEADER 01627nam 2200433 a 450 001 9910690355103321 005 20020409134349.0 035 $a(CKB)5470000002337742 035 $a(OCoLC)49544712 035 9 $aocm49544712 035 $a(OCoLC)995470000002337742 035 $a(EXLCZ)995470000002337742 100 $a20020409d1998 ua 0 101 0 $aeng 135 $auran|||||| 181 $ctxt$2rdacontent 182 $cc$2rdamedia 183 $acr$2rdacarrier 200 10$aFinancial management$b[electronic resource] $eissues to be considered by DOD in developing guidance for disclosing deferred maintenance on ships : report to agency officials /$fUnited States General Accounting Office 210 1$aWashington, D.C. (P.O. Box 37050, Washington 20013) :$cThe Office,$d[1998] 300 $a"B-278809"--P. 1. 300 $a"February 1998." 300 $a"GAO/AIMD-98-46." 300 $aPaper version available from the General Accounting Office. 300 $aTitle from title screen. 320 $aIncludes bibliographical references. 517 $aFinancial management 606 $aGovernment property$xAccounting$xStandards$zUnited States 606 $aMilitary capital$zUnited States$xAccounting 606 $aWarships$zUnited States$xMaintenance and repair$xAccounting 615 0$aGovernment property$xAccounting$xStandards 615 0$aMilitary capital$xAccounting. 615 0$aWarships$xMaintenance and repair$xAccounting. 801 0$bGPO 801 1$bGPO 906 $aBOOK 912 $a9910690355103321 996 $aFinancial Management$9424135 997 $aUNINA LEADER 01965nas 2200565-a 450 001 996321397203316 005 20240413014524.0 011 $a2070-0245 035 $a(DE-599)ZDB2495327-1 035 $a(CKB)1000000000745983 035 $a(CONSER)--2010328417 035 $a(EXLCZ)991000000000745983 100 $a20100616a20099999 --- - 101 0 $aeng 181 $ctxt$2rdacontent 182 $cc$2rdamedia 183 $acr$2rdacarrier 200 00$aJournal of scientific research 210 $aRajshahi, Bangladesh $cFaculty of Science, Rajshahi University$d2009- 215 $a1 online resource 300 $aRefereed/Peer-reviewed 300 $aTitle from cover. 311 08$aPrint version: Journal of scientific research. 2070-0237 (DLC) 2010328417 (OCoLC)641944399 327 $aSection A. Physical and mathematical scienes -- Section B. Chemical and biological sciences. 517 1 $aJSR 531 00$aJ. sc. res. 606 $aResearch$zBangladesh$vPeriodicals 606 $aMathematics$xResearch$zBangladesh$vPeriodicals 606 $aChemistry$xResearch$zBangladesh$vPeriodicals 606 $aBiology$xResearch$zBangladesh$vPeriodicals 606 $aBiology$xResearch$2fast$3(OCoLC)fst00832448 606 $aChemistry$xResearch$2fast$3(OCoLC)fst00853409 606 $aMathematics$xResearch$2fast$3(OCoLC)fst01012225 606 $aResearch$2fast$3(OCoLC)fst01095153 607 $aBangladesh$2fast 608 $aPeriodicals.$2fast 615 0$aResearch 615 0$aMathematics$xResearch 615 0$aChemistry$xResearch 615 0$aBiology$xResearch 615 7$aBiology$xResearch. 615 7$aChemistry$xResearch. 615 7$aMathematics$xResearch. 615 7$aResearch. 712 02$aRajshahi University.$bFaculty of Science. 906 $aJOURNAL 912 $a996321397203316 920 $aexl_impl conversion 996 $aJournal of scientific research$92006368 997 $aUNISA